000 01148cad a22002175a 4500
001 E148231
008 090527s2009 xxk f 000 0 eng d
035 _a(Sirsi) u148231
041 0 _aeng
050 0 4 _a526.99 $2 18
110 2 _aScottish Environment Protection Agency
_93523
245 0 4 _aThe Water Environment (Controlled Activities) (Scotland) Regulations 2005 (CAR)
_bguidance for applicants on supporting information requirements for hydropower applications, working draft
_h[electronic resource]
260 _a[S.l.]
_bSEPA
_c2009
520 _aOffers guidance to those intending to construct a hydropower scheme in Scotland, including the process of obtaining a water use licence and the information required in support of an application for a licence. Also identifies other consents which may be necessary and how these relate to the SEPA licence.
521 _aAdvanced
590 _aKA
651 4 _aScotland
_y1999-
690 _aENVIRONMENTAL AND LAND CONSULTANCY-ENERGY-RENEWABLE ENERGY
856 4 0 _uhttps://www.sepa.org.uk/water/water_publications.aspx
_zView the report free of charge at www.sepa.org.uk...
942 _n0
999 _c109965
_d109965